[Event "AUTO-OPEN-1216"]
[Site "http://www.queenalice.com/game.php?id=442205"]
[Date "2008.8.1"]
[Round "1"]
[White "od_xavier"]
[Black "ejedrez"]
[Result "0-1"]
[WhiteElo "1754"]
[BlackElo "1100"]

1. e4 g6 2. d4 Bg7 3. Nf3 d6 4. Nc3 Bg4 5. Be2 Nc6 6. O-O e5 7. d5 Nce7 8. h3
Bd7 9. Ng5 h6 10. Nf3 f5 11. Be3 Nf6 12. Qd3 fxe4 13. Nxe4 Nfxd5 14. c3 O-O 15.
a3 Bf5 16. c4 Nf6 17. Nxf6+ Rxf6 18. Qd2 g5 19. Rad1 Qe8 20. Nh2 Qa4 21. g3 Qc2
22. Qe1 Qxb2 23. Nf3 Bxh3 24. Nxg5 hxg5 25. Bxg5 Rf7 26. Bxe7 Rxe7 27. Kh2 Bxf1
28. Qxf1 Rf8 29. Kg2 Ref7 30. Kh3 Rxf2 31. Qh1 Qxe2 32. Qd5+ Kh7 33. g4 Rh2+ 34.
Kg3 Qf2# 0-1

[Event "AUTO-OPEN-1216"]
[Site "http://www.queenalice.com/game.php?id=442206"]
[Date "2008.8.1"]
[Round "1"]
[White "ejedrez"]
[Black "od_xavier"]
[Result "1-0"]
[WhiteElo "1249"]
[BlackElo "1872"]

1. Nf3 Nc6 2. d4 d5 3. g3 Nf6 4. Bg2 Bf5 5. O-O e6 6. b3 Be7 7. Ba3 O-O 8. c4
Qd7 9. Bxe7 Qxe7 10. Nc3 Rad8 11. e3 h6 12. Qe2 e5 13. cxd5 Nb4 14. Nxe5 Nbxd5
15. Nxd5 Nxd5 16. e4 Nc3 17. Qc2 Bxe4 18. Qxc3 Bxg2 19. Kxg2 Qd6 20. Rfd1 Rfe8
21. Rac1 Qd5+ 22. Qf3 Qa5 23. Qxf7+ Kh8 24. Rxc7 Rg8 25. Qg6 Qxc7 26. Nf7+ Qxf7
27. Qxf7 Rgf8 28. Qxb7 a5 29. d5 Rf5 30. d6 Rdf8 31. Rd2 Rc5 32. d7 Rd8 33. Re2
Rxd7 34. Qxd7 h5 35. Re8+ Kh7 36. Re7 Rg5 37. h4 Rg6 38. Qf5 a4 39. Re6 axb3 40.
Qxg6+ Kg8 41. Re8# 1-0

[Event "AUTO-OPEN-1216"]
[Site "http://www.queenalice.com/game.php?id=442248"]
[Date "2008.8.1"]
[Round "1"]
[White "ejedrez"]
[Black "rob0330"]
[Result "0-1"]
[WhiteElo "1100"]
[BlackElo "1868"]

1. Nf3 Nc6 2. d4 d5 3. g3 Bg4 4. Bg2 Nf6 5. O-O e6 6. c4 Be7 7. Ne5 Nxe5 8. dxe5
Nd7 9. cxd5 exd5 10. Qxd5 c6 11. Qe4 Be6 12. Nc3 O-O 0-1

[Event "AUTO-OPEN-1425"]
[Site "http://www.queenalice.com/game.php?id=533224"]
[Date "2009.2.1"]
[Round "1"]
[White "ejedrez"]
[Black "bedocosta"]
[Result "0-1"]
[WhiteElo "1204"]
[BlackElo "1967"]

1. g3 d5 2. Bg2 e5 3. d4 e4 4. c4 c6 5. Nc3 Nf6 6. Bg5 Be7 7. f3 O-O 8. fxe4
Nxe4 9. Bxe7 Qxe7 10. Nxe4 dxe4 11. Qc2 Bf5 12. e3 Nd7 0-1

[Event "AUTO-BEG-289"]
[Site "http://www.queenalice.com/game.php?id=534176"]
[Date "2009.2.3"]
[Round "1"]
[White "ejedrez"]
[Black "leorsantos"]
[Result "0-1"]
[WhiteElo "1157"]
[BlackElo "1197"]

1. g3 Nc6 2. Bg2 Nf6 3. e4 Nb4 4. Ne2 e6 5. O-O b5 6. a4 bxa4 7. Rxa4 Nc6 8.
Nbc3 e5 9. d4 Ng4 10. h3 Nh6 11. dxe5 Nxe5 12. Bxh6 gxh6 13. Qd4 f6 14. f4 Nc6
0-1

[Event "AUTO-BEG-289"]
[Site "http://www.queenalice.com/game.php?id=534177"]
[Date "2009.2.3"]
[Round "1"]
[White "leorsantos"]
[Black "ejedrez"]
[Result "1-0"]
[WhiteElo "1211"]
[BlackElo "1134"]

1. Nc3 g6 2. Nf3 Bg7 3. Ng5 Nf6 4. h4 O-O 5. e3 d5 6. f4 c5 7. d3 Nc6 8. e4 e5
9. exd5 Nxd5 10. Nxd5 Qxd5 11. Qf3 Qxf3 12. gxf3 exf4 13. Bxf4 Bxb2 14. Rb1 Bc3+
15. Kd1 1-0

[Event "Challenge"]
[Site "http://www.queenalice.com/game.php?id=538026"]
[Date "2009.2.10"]
[Round "-"]
[White "sevendaymill"]
[Black "ejedrez"]
[Result "1-0"]
[WhiteElo "1511"]
[BlackElo "1147"]

1. e4 g6 2. Qf3 Nc6 3. Nh3 Bg7 4. Ng5 Nf6 5. Bb5 O-O 6. Bxc6 dxc6 7. e5 Nd5 8.
Qg3 f6 9. exf6 exf6 10. Ne4 f5 11. Ng5 Re8+ 12. Kd1 f4 13. Qh4 h6 14. Nf3 Qxh4
15. Nxh4 g5 16. Ng6 1-0